000 00552nam a2200181Ia 4500
001 39556
008 140423s9999 xx 000 0 und d
020 _a9780070248502
040 _cPK-LaUMT
082 _a 004.695
_bSHN-F
100 _aCasati, Allessio
245 _aFixed mobile convergence
_bvoice over Wi-Fi, IMS, UMA/GAN, Femtocells, and other enablers
_cCasati, Allessio<>Shneyderman, Alex
260 _aNew Delhi,India:
_bTata McGraw-Hill Publishing,
_c2008
300 _a272 p.
546 _aEN
700 _aShneyderman, Alex
942 _cBK
999 _c38863
_d38863